[Event "Rated Blitz game"]
[Site "?"]
[Date "2021.10.25"]
[Round "?"]
[White "Gobindo"]
[Black "Annali-annaliew1979"]
[Result "0-1"]
[WhiteElo "2601"]
[BlackElo "2427"]
[PlyCount "110"]
[EventDate "2021.??.??"]
[EventType "blitz"]

1. e4 e5 2. Nf3 d5 3. d4 dxe4 4. Nxe5 Bd6 5. Bf4 Nf6 6. Nc3 O-O 7. Bc4 Nc6 8.
Nxc6 bxc6 9. Bg5 Bf5 10. O-O Rb8 11. Bb3 a5 12. f3 exf3 13. Qxf3 Bg6 14. Bxf6
gxf6 15. Qxf6 Be7 16. Qxc6 Qxd4+ 17. Kh1 Bd6 18. Qc4 Qe5 19. Qh4 Rb4 20. Qh3
Kg7 21. Rae1 Rf4 22. Rg1 Qg5 23. Nd5 Rh4 24. Qc3+ f6 25. h3 Be4 26. Nxc7 Bxc7
27. Qxc7+ Kh8 28. Kh2 Rg4 29. Re2 Rh4 30. Qg3 Qh6 31. Qd6 f5 32. Qe5+ Qg7 33.
Qxg7+ Kxg7 34. Rd1 Rh5 35. Rd7+ Kh8 36. Red2 Rg5 37. Rc7 Rg7 38. Rxg7 Kxg7 39.
g3 Kf6 40. Rd7 h5 41. Rd6+ Ke5 42. Re6+ Kd4 43. Kg1 h4 44. Kf2 hxg3+ 45. Kxg3
Ke3 46. c4 f4+ 47. Kh2 Kd4 48. Rxe4+ Kxe4 49. Bc2+ Ke3 50. Bb3 f3 51. Bd1 f2
52. Be2 Kxe2 53. Kg3 f1=Q 54. Kh4 Qg1 55. Kh5 Rh8# {Normal} 0-1

[Event "Rated Blitz game"]
[Site "?"]
[Date "2021.10.25"]
[Round "?"]
[White "der_Leo"]
[Black "RCompany_1"]
[Result "1/2-1/2"]
[WhiteElo "2458"]
[BlackElo "2408"]
[PlyCount "98"]
[EventDate "2021.??.??"]
[EventType "blitz"]

1. e4 e5 2. Nf3 d5 3. d4 dxe4 4. Nxe5 Bd6 5. Nc4 Be7 6. Nc3 Nf6 7. Be2 O-O 8.
O-O Nc6 9. d5 Nb4 10. Ne3 c6 11. dxc6 Nxc6 12. Ned5 Nxd5 13. Nxd5 Be6 14. Nxe7+
Qxe7 15. Be3 Rad8 16. Qe1 f5 17. g3 Nd4 18. Bxd4 Rxd4 19. Qc3 Rfd8 20. Rad1
Rxd1 21. Rxd1 Rxd1+ 22. Bxd1 Qd6 23. Be2 h6 24. h4 f4 25. Bc4 fxg3 26. Bxe6+
Qxe6 27. fxg3 Kh7 28. Qb3 Qe5 29. Kf2 b6 30. c4 Qd4+ 31. Ke2 h5 32. Qc2 Kg6 33.
b4 Kf5 34. c5 bxc5 35. bxc5 Ke6 36. c6 Qg1 37. c7 Qg2+ 38. Kd1 Qxc2+ 39. Kxc2
Kd7 40. Kc3 Kxc7 41. Kd4 Kd6 42. Kxe4 Ke6 43. Kf4 Kf6 44. g4 g6 45. gxh5 gxh5
46. Ke4 Ke6 47. Kf4 Kf6 48. Ke4 Ke6 49. Kf4 Kf6 {Normal} 1/2-1/2

[Event "Rated Blitz game"]
[Site "?"]
[Date "2021.10.25"]
[Round "?"]
[White "Raffael_Chess"]
[Black "Annali-annaliew1979"]
[Result "0-1"]
[WhiteElo "2440"]
[BlackElo "2434"]
[PlyCount "37"]
[EventDate "2021.??.??"]
[EventType "blitz"]

1. e4 e5 2. Nf3 d5 3. Nxe5 Qe7 4. d4 f6 5. Nf3 dxe4 6. Ng1 f5 7. Bc4 Nf6 8. Ne2
Nc6 9. Bg5 h6 10. Bxf6 Qxf6 11. O-O Bd6 12. Nbc3 Bd7 13. Nd5 Qg5 14. Nef4 Bxf4
15. Nxf4 Qxf4 16. Qh5+ Kd8 17. Qf7 Qg5 18. f4 Qf6 19. Qh5 {Normal} 0-1

[Event "Rated Blitz game"]
[Site "?"]
[Date "2021.10.25"]
[Round "?"]
[White "Manutd123"]
[Black "alaeldin1212"]
[Result "0-1"]
[WhiteElo "2509"]
[BlackElo "2400"]
[PlyCount "88"]
[EventDate "2021.??.??"]
[EventType "blitz"]

1. e4 e5 2. Nf3 d5 3. Nxe5 Bd6 4. d4 dxe4 5. Qh5 Qe7 6. Bc4 Bxe5 7. dxe5 Nc6 8.
Bf4 Be6 9. Bxe6 Qxe6 10. O-O Nge7 11. Nc3 Ng6 12. Bg3 O-O 13. Nxe4 f5 14. exf6
Qxe4 15. fxg7 Kxg7 16. Rfe1 Qf5 17. Qxf5 Rxf5 18. Bxc7 Nd4 19. Rac1 Rc8 20. c3
Nf3+ 21. gxf3 Rxc7 22. Re3 Rcf7 23. Rd1 Rxf3 24. Rxf3 Rxf3 25. Rd7+ Rf7 26. Rd6
Nf4 27. c4 Rc7 28. b3 b5 29. Ra6 bxc4 30. bxc4 h5 31. f3 Rxc4 32. Rxa7+ Kg6 33.
Kf2 Rc2+ 34. Kg3 Ne2+ 35. Kh4 Rc4+ 36. Kh3 h4 37. Ra6+ Kg5 38. Ra5+ Kf4 39.
Kxh4 Kxf3+ 40. Kg5 Rg4+ 41. Kh5 Nf4+ 42. Kh6 Rh4+ 43. Kg5 Rh5+ 44. Kf6 Rxa5 {
Normal} 0-1

[Event "Rated Blitz game"]
[Site "?"]
[Date "2021.10.25"]
[Round "?"]
[White "Ahmed3A99"]
[Black "RCompany_1"]
[Result "1-0"]
[WhiteElo "2580"]
[BlackElo "2413"]
[PlyCount "73"]
[EventDate "2021.??.??"]
[EventType "blitz"]

1. e4 e5 2. Nf3 d5 3. exd5 e4 4. Qe2 Nf6 5. d3 Qxd5 6. Nbd2 Nc6 7. dxe4 Qh5 8.
c3 Bg4 9. Qb5 O-O-O 10. Qxh5 Bxh5 11. Bc4 Bxf3 12. Nxf3 Nxe4 13. Bxf7 Bc5 14.
O-O Rhf8 15. Be6+ Kb8 16. Be3 Rf6 17. Bxc5 Nxc5 18. Bb3 Nd3 19. Rab1 Nf4 20.
Rfe1 g5 21. Bc2 h6 22. Rbd1 Rdf8 23. h3 Nxh3+ 24. gxh3 Rxf3 25. Re2 a5 26. Kg2
Ka7 27. Be4 R3f6 28. Rd7 Kb6 29. Rh7 a4 30. b3 axb3 31. axb3 Na5 32. b4 Nc4 33.
f3 Nd6 34. Re7 c6 35. Re5 Nc4 36. Rc5 Kc7 37. Rxc4 {Normal} 1-0

[Event "Rated Blitz tournament XgCrsvt1"]
[Site "?"]
[Date "2021.10.25"]
[Round "?"]
[White "Armanto-BKD"]
[Black "om_gendut"]
[Result "0-1"]
[WhiteElo "2246"]
[BlackElo "2428"]
[PlyCount "44"]
[EventDate "2021.??.??"]
[EventType "blitz"]

1. e4 e5 2. Nf3 d5 3. exd5 e4 4. Nd4 Qxd5 5. Nb3 Nf6 6. Nc3 Qe5 7. Be2 Bd6 8.
d4 exd3 9. Qxd3 Bf5 10. Qb5+ Nbd7 11. Qxe5+ Bxe5 12. Bd3 Bxd3 13. cxd3 O-O-O
14. Be3 Ng4 15. h3 Nxe3 16. fxe3 Rhe8 17. e4 Bxc3+ 18. bxc3 f5 19. Nd2 Nc5 20.
O-O Rxd3 21. Nc4 Rxc3 22. Na5 fxe4 {Normal} 0-1

[Event "Rated Blitz game"]
[Site "?"]
[Date "2021.10.25"]
[Round "?"]
[White "LP26GOAT"]
[Black "Annali-annaliew1979"]
[Result "1-0"]
[WhiteElo "2561"]
[BlackElo "2436"]
[PlyCount "117"]
[EventDate "2021.??.??"]
[EventType "blitz"]

1. e4 e5 2. Nf3 d5 3. Nxe5 Qe7 4. d4 f6 5. Nd3 Nc6 6. c3 Bf5 7. Be3 Bxe4 8. Nd2
Qf7 9. Nxe4 dxe4 10. Nc5 Bxc5 11. dxc5 Nge7 12. Qb3 Qxb3 13. axb3 O-O-O 14. b4
Kb8 15. Be2 Ne5 16. O-O f5 17. Rfd1 Nd5 18. Bd4 Rhe8 19. Bxe5 Rxe5 20. c4 c6
21. cxd5 cxd5 22. Rd4 g6 23. b5 Rc8 24. b4 Rd8 25. h4 h5 26. g3 Rf8 27. Rad1 f4
28. gxf4 Rxf4 29. Rxd5 Rxd5 30. Rxd5 Rxh4 31. b6 axb6 32. cxb6 Kc8 33. Bb5 e3
34. Re5 exf2+ 35. Kxf2 Rf4+ 36. Ke3 Rf8 37. Re8+ Rxe8+ 38. Bxe8 Kd8 39. Bxg6
Kd7 40. Be4 h4 41. Kf3 h3 42. Kg3 h2 43. Kxh2 Kc8 44. Kg3 Kb8 45. Kf4 Kc8 46.
Ke5 Kb8 47. Kd6 Kc8 48. Bf3 Kb8 49. Bxb7 Kxb7 50. Kc5 Kb8 51. Kc6 Kc8 52. b7+
Kb8 53. b5 Ka7 54. b8=Q+ Kxb8 55. Kb6 Ka8 56. Kc7 Ka7 57. b6+ Ka8 58. b7+ Ka7
59. b8=Q+ {Normal} 1-0

[Event "Rated Blitz tournament XgCrsvt1"]
[Site "?"]
[Date "2021.10.25"]
[Round "?"]
[White "ekocss"]
[Black "om_gendut"]
[Result "1/2-1/2"]
[WhiteElo "2244"]
[BlackElo "2423"]
[PlyCount "81"]
[EventDate "2021.??.??"]
[EventType "blitz"]

1. e4 e5 2. Nf3 d5 3. d4 dxe4 4. Nxe5 Bd6 5. Nc4 Be7 6. Be2 Nf6 7. g4 O-O 8. g5
Nd5 9. Rg1 Nc6 10. c3 Be6 11. h4 f6 12. g6 hxg6 13. Rxg6 Bf5 14. Rg1 Kh8 15.
Ne3 Nxe3 16. Bxe3 Bh7 17. h5 f5 18. Qd2 Bd6 19. Bf4 Qf6 20. Na3 Rad8 21. Nc4
Bxf4 22. Qxf4 b5 23. Ne3 b4 24. O-O-O bxc3 25. bxc3 Qe7 26. Nc4 Bg8 27. h6 g6
28. d5 Qf6 29. Rg3 Bxd5 30. Rdg1 Bxc4 31. Bxc4 Ne5 32. Be2 Qd6 33. Rd1 Qa3+ 34.
Kc2 Qxa2+ 35. Kc1 Rxd1+ 36. Kxd1 Rd8+ 37. Kc1 Qa3+ 38. Kc2 Qa2+ 39. Kc1 Qa1+
40. Kc2 Qa2+ 41. Kc1 {Normal} 1/2-1/2

[Event "Rated Blitz game"]
[Site "?"]
[Date "2021.10.25"]
[Round "?"]
[White "Vsevolod98"]
[Black "alaeldin1212"]
[Result "0-1"]
[WhiteElo "2460"]
[BlackElo "2403"]
[PlyCount "82"]
[EventDate "2021.??.??"]
[EventType "blitz"]

1. e4 e5 2. Nf3 d5 3. exd5 e4 4. Qe2 Nf6 5. Nc3 Be7 6. Ne5 O-O 7. d3 Bd6 8. Nc4
exd3 9. Qxd3 Bb4 10. Bd2 Bg4 11. f3 Bh5 12. O-O-O Bg6 13. Ne4 Be7 14. Bc3 Nbd7
15. Nxf6+ Bxf6 16. Qd2 Re8 17. Bd3 Bg5 18. f4 Bxd3 19. cxd3 Bf6 20. Rde1 Bxc3
21. Qxc3 Qh4 22. g3 Rxe1+ 23. Qxe1 Qf6 24. Qe3 Qa6 25. a3 Nf6 26. Qc5 Re8 27.
Qxc7 Nxd5 28. Qd7 Nf6 29. Qd4 Qc6 30. Rd1 b5 31. Kb1 bxc4 32. dxc4 h6 33. Ka2
Rc8 34. b3 a5 35. Rc1 a4 36. b4 Qg2+ 37. Qb2 Qe4 38. Qc2 Qc6 39. h3 Ne4 40. g4
Rd8 41. Kb1 Rd2 {Normal} 0-1

[Event "Rated Blitz game"]
[Site "?"]
[Date "2021.10.25"]
[Round "?"]
[White "promoKC"]
[Black "khalid_ontawar"]
[Result "1-0"]
[WhiteElo "2424"]
[BlackElo "2421"]
[PlyCount "83"]
[EventDate "2021.??.??"]
[EventType "blitz"]

1. e4 e5 2. Nf3 d5 3. d3 dxe4 4. dxe4 Qxd1+ 5. Kxd1 Bg4 6. Be3 Bxf3+ 7. gxf3
Nc6 8. c3 a6 9. Kc2 f6 10. a4 Bd6 11. Bc4 Nge7 12. b4 h6 13. Nd2 g5 14. Nb3 Kf8
15. b5 axb5 16. axb5 Rxa1 17. Rxa1 Nd8 18. Bc5 Kg7 19. Bxd6 cxd6 20. Rd1 Nc8
21. Bd5 Kf8 22. Na5 b6 23. Nc4 Rh7 24. Ra1 Rc7 25. Ra8 Ke7 26. Kb3 Kd7 27. Kb4
Nb7 28. Bxb7 Rxb7 29. Rxc8 Kxc8 30. Nxd6+ Kc7 31. Nxb7 Kxb7 32. c4 h5 33. c5
Kc7 34. cxb6+ Kxb6 35. Kc4 h4 36. h3 f5 37. exf5 e4 38. f6 exf3 39. f7 g4 40.
f8=Q g3 41. fxg3 hxg3 42. Qd6+ {Normal} 1-0

[Event "Rated Blitz game"]
[Site "?"]
[Date "2021.10.25"]
[Round "?"]
[White "Xb32"]
[Black "Annali-annaliew1979"]
[Result "1-0"]
[WhiteElo "2429"]
[BlackElo "2423"]
[PlyCount "111"]
[EventDate "2021.??.??"]
[EventType "blitz"]

1. e4 e5 2. Nf3 d5 3. Nxe5 Qe7 4. d4 f6 5. Nd3 Nc6 6. Be3 Bf5 7. exf5 Nxd4 8.
Nf4 Nxf5 9. Nxd5 Qd7 10. Nbc3 O-O-O 11. Qf3 Nxe3 12. fxe3 c6 13. Bd3 g6 14. Nf4
Bb4 15. Nfe2 Ne7 16. O-O-O Qc7 17. a3 Bd6 18. Qxf6 Be5 19. Qe6+ Kb8 20. Rhf1
Rhf8 21. Rxf8 Rxf8 22. Nd4 Bxd4 23. exd4 Nf5 24. Bxf5 Qf4+ 25. Kb1 Qxf5 26. Qe7
Qf7 27. Re1 Qxe7 28. Rxe7 Rf2 29. Rxh7 Rxg2 30. Ne4 b6 31. Nd6 b5 32. c3 a6 33.
Ka2 a5 34. a4 bxa4 35. Ka3 Rf2 36. Kxa4 Rxb2 37. Kxa5 g5 38. Ka6 Ra2+ 39. Kb6
Rb2+ 40. Kxc6 g4 41. Rb7+ Rxb7 42. Nxb7 Kc8 43. Nd6+ Kd8 44. c4 Ke7 45. Ne4 Ke6
46. d5+ Kf5 47. d6 Kxe4 48. d7 g3 49. d8=Q gxh2 50. Qd1 Kf4 51. Qh1 Kg3 52. Kd5
Kh3 53. Ke4 Kg3 54. Ke3 Kh3 55. Kf4 Kh4 56. Qxh2# {Normal} 1-0

[Event "Rated Rapid game"]
[Site "?"]
[Date "2021.10.25"]
[Round "?"]
[White "schnoopdoop"]
[Black "artsportscience"]
[Result "1/2-1/2"]
[WhiteElo "2370"]
[BlackElo "2436"]
[PlyCount "140"]
[EventDate "2021.??.??"]
[EventType "rapid"]

1. e4 e5 2. Nf3 d5 3. Nxe5 Bd6 4. d4 dxe4 5. Nc4 Nf6 6. Be2 Be7 7. O-O O-O 8.
Nc3 c6 9. Ne5 Bf5 10. f3 exf3 11. Bxf3 Be6 12. Kh1 Nbd7 13. Bf4 Nb6 14. Bg3
Nfd5 15. Nxd5 Nxd5 16. Qd2 Bg5 17. Qd3 Qb6 18. Nc4 Qd8 19. c3 Re8 20. Nd6 Re7
21. Rae1 Bf4 22. Bxd5 Bxg3 23. Qxg3 cxd5 24. Nf5 Bxf5 25. Rxf5 Rxe1+ 26. Qxe1
Qd7 27. Re5 Kf8 28. Kg1 Re8 29. Kf2 Rxe5 30. Qxe5 a6 31. h3 f6 32. Qh5 g6 33.
Qh6+ Kg8 34. Qf4 Kg7 35. g4 g5 36. Qe3 Kf7 37. Qd3 Kg7 38. b3 Qe6 39. c4 h6 40.
Qe3 Qd6 41. Qg3 Qb6 42. c5 Qb4 43. Qe3 a5 44. Qe7+ Kg6 45. Qe8+ Kg7 46. Qd7+
Kg6 47. Qf5+ Kg7 48. Qxd5 Qd2+ 49. Kf3 Qf4+ 50. Ke2 Qh2+ 51. Ke3 Qxh3+ 52. Qf3
Qh2 53. Qxb7+ Kg6 54. Qe4+ Kg7 55. Qf3 Qxa2 56. Qb7+ Kg6 57. Qe4+ Kg7 58. Qd3
Qb2 59. c6 Qc1+ 60. Qd2 Qxc6 61. Qxa5 Qe6+ 62. Kd3 Qxb3+ 63. Qc3 Qxc3+ 64. Kxc3
Kf7 65. Kd3 Ke6 66. Ke4 Kd6 67. Kf5 Kd5 68. Kxf6 h5 69. Kxg5 hxg4 70. Kxg4 Kxd4
{Normal} 1/2-1/2

[Event "Rated Blitz game"]
[Site "?"]
[Date "2021.10.25"]
[Round "?"]
[White "RookAndRollAllKnight"]
[Black "SerialDrinker"]
[Result "1/2-1/2"]
[WhiteElo "2439"]
[BlackElo "2314"]
[PlyCount "118"]
[EventDate "2021.??.??"]
[EventType "blitz"]

1. e4 e5 2. Nf3 d5 3. Nxe5 Bd6 4. d4 dxe4 5. Qe2 Nf6 6. Nc3 O-O 7. Nxe4 Nxe4 8.
Qxe4 Nc6 9. Bd3 g6 10. Nxc6 bxc6 11. O-O Bf5 12. Qf3 Be6 13. c3 Qh4 14. g3 Qh3
15. Qg2 c5 16. dxc5 Bxc5 17. Qxh3 Bxh3 18. Re1 Rfe8 19. Bf4 Bb6 20. Be4 Rad8
21. Bc6 Re6 22. Bg2 Bf5 23. Rad1 Rde8 24. Rxe6 Rxe6 25. Bf3 Bh3 26. Bh6 Re8 27.
Bg2 Bg4 28. Rd2 Re1+ 29. Bf1 c6 30. Kg2 Be6 31. Re2 Bd5+ 32. Kg1 Rxe2 33. Bxe2
Bxa2 34. Bd2 Be6 35. Kf1 c5 36. Ke1 Kf8 37. Bf3 Ke7 38. Ke2 Kd6 39. Be3 f5 40.
Bf4+ Kd7 41. Bg5 Kd6 42. Be3 Bd5 43. Bf4+ Kc6 44. Bxd5+ Kxd5 45. Kd3 c4+ 46.
Ke2 a6 47. Be3 Bc5 48. Bxc5 Kxc5 49. Ke3 Kd5 50. f3 a5 51. g4 fxg4 52. fxg4 Ke5
53. h4 h5 54. Kf3 Kf6 55. g5+ Kf5 56. Ke3 Ke5 57. Kf3 Kf5 58. Ke3 Ke5 59. Kf3
Kf5 {Normal} 1/2-1/2

[Event "Rated Blitz game"]
[Site "?"]
[Date "2021.10.25"]
[Round "?"]
[White "Savlamir05"]
[Black "elrond"]
[Result "0-1"]
[WhiteElo "2327"]
[BlackElo "2426"]
[PlyCount "48"]
[EventDate "2021.??.??"]
[EventType "blitz"]

1. e4 e5 2. Nf3 d5 3. exd5 e4 4. Nd4 Nf6 5. Nc3 Bd6 6. Bc4 O-O 7. Qe2 Re8 8. b3
Nbd7 9. Bb2 Ne5 10. Bb5 c6 11. dxc6 Nd3+ 12. Kf1 Nxb2 13. cxb7 Bxb7 14. Bxe8
Qxe8 15. Rb1 Ba3 16. Ncb5 Ba6 17. c4 Qf8 18. h3 Nd3 19. Kg1 Bc5 20. Rf1 Rd8 21.
Nc2 Nf4 22. Qe1 Bb7 23. Ne3 Qe7 24. Qc1 Ne2+ {Normal} 0-1

[Event "Rated Blitz game"]
[Site "?"]
[Date "2021.10.25"]
[Round "?"]
[White "Vishyking64"]
[Black "GrandeGila"]
[Result "1-0"]
[WhiteElo "2522"]
[BlackElo "2541"]
[PlyCount "31"]
[EventDate "2021.??.??"]
[EventType "blitz"]

1. e4 e5 2. Nf3 d5 3. exd5 e4 4. Qe2 Nf6 5. Nc3 Be7 6. Nxe4 O-O 7. Nxf6+ Bxf6
8. d4 Re8 9. Be3 Qxd5 10. Qb5 Qe6 11. Bc4 Qe7 12. O-O-O c6 13. Qb3 Nd7 14. Rhe1
Nb6 15. Bf4 Qd8 16. Bxf7+ {Normal} 1-0

[Event "Rated Blitz tournament 5pob0qwC"]
[Site "?"]
[Date "2021.10.25"]
[Round "?"]
[White "EwakoSS_BKD"]
[Black "KillJoy_BKD"]
[Result "1-0"]
[WhiteElo "2315"]
[BlackElo "2436"]
[PlyCount "121"]
[EventDate "2021.??.??"]
[EventType "blitz"]

1. e4 e5 2. Nf3 d5 3. Nxe5 Bd6 4. d4 dxe4 5. Nc4 Be7 6. Be2 Nf6 7. O-O O-O 8.
Bf4 Bf5 9. Ne3 Bg6 10. c4 Bd6 11. Bxd6 Qxd6 12. Nc3 Nc6 13. Ncd5 Rad8 14. Qd2
Rfe8 15. Rad1 Nxd5 16. Nxd5 Ne7 17. Nxe7+ Qxe7 18. Qe3 Qf6 19. Rd2 h6 20. b4
Rd7 21. d5 c6 22. dxc6 Rxd2 23. Qxd2 bxc6 24. Qe3 Re7 25. Rd1 Kh7 26. a3 Qe5
27. g3 Qb2 28. c5 Rb7 29. Rd6 Rc7 30. h4 Qe5 31. Kg2 h5 32. Bc4 f6 33. Rd8 Bf7
34. Bxf7 Rxf7 35. Rd6 Rc7 36. Rd4 Re7 37. Rd6 Re6 38. Rxe6 Qxe6 39. Qd4 Qf5 40.
Qe3 Qd5 41. a4 Kg6 42. b5 Kf7 43. b6 axb6 44. cxb6 Qd7 45. a5 Qb7 46. Qc5 e3
47. fxe3 Qa6 48. Qxc6 Qe2+ 49. Kh3 Qf1+ 50. Qg2 Qc4 51. Qb2 Qg4+ 52. Kh2 Qe4
53. b7 Kg6 54. b8=Q Qg4 55. Qf4 Qe6 56. Qe4+ Kf7 57. Qxe6+ Kxe6 58. a6 Kf5 59.
a7 Kg4 60. a8=Q g5 61. Qe4# {Normal} 1-0

[Event "Rated Blitz game"]
[Site "?"]
[Date "2021.10.25"]
[Round "?"]
[White "bruneti"]
[Black "sillierchess"]
[Result "0-1"]
[WhiteElo "2273"]
[BlackElo "2451"]
[PlyCount "80"]
[EventDate "2021.??.??"]
[EventType "blitz"]

1. e4 e5 2. Nf3 d5 3. Nxe5 Bd6 4. d4 dxe4 5. Nc3 Nf6 6. Bg5 O-O 7. Nc4 Nc6 8.
Be2 Re8 9. O-O Nxd4 10. Nxd6 Qxd6 11. Nb5 Nxb5 12. Bxb5 Qxd1 13. Raxd1 c6 14.
Bxf6 gxf6 15. Ba4 Be6 16. c3 Rad8 17. Bb3 Bxb3 18. axb3 Kf8 19. g3 Rd5 20. Rxd5
cxd5 21. Rd1 Rd8 22. Kf1 Ke7 23. Ke2 Ke6 24. Ke3 Ke5 25. Ra1 a6 26. Ra5 Rd6 27.
b4 b5 28. Ra1 d4+ 29. cxd4+ Rxd4 30. Rxa6 Rxb4 31. Ra8 Rb3+ 32. Ke2 Rxb2+ 33.
Ke3 Rb3+ 34. Ke2 b4 35. Re8+ Kf5 36. h3 Rc3 37. Rb8 b3 38. Rb5+ Ke6 39. g4 Rxh3
40. Rb4 Ke5 {Normal} 0-1

[Event "Rated Blitz game"]
[Site "?"]
[Date "2021.10.25"]
[Round "?"]
[White "Arminph"]
[Black "Lorian2514"]
[Result "1/2-1/2"]
[WhiteElo "2460"]
[BlackElo "2595"]
[PlyCount "145"]
[EventDate "2021.??.??"]
[EventType "blitz"]

1. e4 e5 2. Nf3 d5 3. d3 dxe4 4. dxe4 Qxd1+ 5. Kxd1 Nf6 6. Bd3 Bc5 7. Ke2 Nc6
8. c3 Bg4 9. Bg5 O-O-O 10. Nbd2 h6 11. Bxf6 gxf6 12. Bb5 Ne7 13. h3 Bh5 14. g4
Bg6 15. b4 Bb6 16. Rad1 h5 17. Ba4 Bh7 18. Nh4 Bg8 19. f3 Ng6 20. Nxg6 fxg6 21.
Bb3 g5 22. Bxg8 Rdxg8 23. Nc4 Rh7 24. Nxb6+ axb6 25. Rh2 hxg4 26. fxg4 Rgh8 27.
Rdh1 Kd7 28. Ke3 Ke6 29. a4 Rd7 30. Rd2 Rd6 31. Rxd6+ cxd6 32. Kd3 d5 33. c4
dxe4+ 34. Kxe4 Rd8 35. Ke3 Rd4 36. Rc1 Kd7 37. a5 bxa5 38. bxa5 Kc6 39. Rf1 Rd6
40. Ke4 Kc5 41. Rc1 Rd4+ 42. Kf5 Rf4+ 43. Ke6 Rxc4 44. Rb1 e4 45. Kxf6 e3 46.
Kxg5 Kd4 47. Rxb7 Rc5+ 48. Kf4 e2 49. Re7 Kd3 50. a6 Ra5 51. g5 Rxa6 52. h4 Kd2
53. h5 Ra4+ 54. Kf5 Ra5+ 55. Kf6 Ra6+ 56. Kf5 Ra5+ 57. Kf4 Ra4+ 58. Kf3 e1=Q
59. Rxe1 Kxe1 60. h6 Rh4 61. Kg3 Rh1 62. Kg4 Ke2 63. Kf5 Ke3 64. g6 Rxh6 65. g7
Rh5+ 66. Kf6 Rh6+ 67. Kf5 Rh5+ 68. Kg4 Rh1 69. Kf5 Rg1 70. Kf6 Ke4 71. Kf7 Ke5
72. g8=Q Rxg8 73. Kxg8 {Normal} 1/2-1/2

[Event "Rated Blitz game"]
[Site "?"]
[Date "2021.10.25"]
[Round "?"]
[White "RookAndRollAllKnight"]
[Black "SerialDrinker"]
[Result "1-0"]
[WhiteElo "2449"]
[BlackElo "2305"]
[PlyCount "141"]
[EventDate "2021.??.??"]
[EventType "blitz"]

1. e4 e5 2. Nf3 d5 3. d3 dxe4 4. dxe4 Qxd1+ 5. Kxd1 Nc6 6. c3 Bg4 7. Be2 O-O-O+
8. Kc2 f6 9. Be3 a6 10. h3 Bh5 11. Nbd2 Bg6 12. Nh4 Nge7 13. Nxg6 hxg6 14. f3
Kb8 15. Rhd1 Nc8 16. Nc4 Be7 17. Rxd8 Rxd8 18. a4 g5 19. b4 b6 20. b5 axb5 21.
axb5 N6a7 22. Nd2 Nd6 23. c4 Nb7 24. Nb3 Nc8 25. Kc3 Nc5 26. Nxc5 Bxc5 27. Bxc5
bxc5 28. Rh1 Nb6 29. g3 Rd4 30. h4 gxh4 31. Rxh4 Na4+ 32. Kb3 Rd2 33. Kxa4 Rxe2
34. Rh7 Re3 35. Rxg7 Rxf3 36. b6 cxb6 37. Kb5 Rb3+ 38. Kc6 Rb4 39. g4 Rxc4 40.
Kxb6 Kc8 41. Kc6 Kd8 42. Kd5 Rd4+ 43. Kxc5 Rxe4 44. Kd6 Ke8 45. Ke6 Kf8 46. Rg6
Rf4 47. g5 fxg5 48. Kxe5 Rf7 49. Rxg5 Rg7 50. Rh5 Ra7 51. Ke6 Ra6+ 52. Kd7 Ra7+
53. Kd6 Ra6+ 54. Kc7 Kg7 55. Rh1 Rg6 56. Kd7 Rg5 57. Ke6 Rg3 58. Rh4 Re3+ 59.
Kf5 Rf3+ 60. Ke4 Ra3 61. Rg4+ Kf6 62. Rg8 Ra4+ 63. Kd5 Ra5+ 64. Kc4 Ra4+ 65.
Kb3 Re4 66. Rf8+ Ke5 67. Kc3 Rh4 68. Re8+ Kd5 69. Rd8+ Kc5 70. Rc8+ Kb5 71.
Rb8+ {Time forfeit} 1-0

[Event "Rated Blitz game"]
[Site "?"]
[Date "2021.10.25"]
[Round "?"]
[White "stefan20004"]
[Black "Annali-annaliew1979"]
[Result "0-1"]
[WhiteElo "2556"]
[BlackElo "2425"]
[PlyCount "58"]
[EventDate "2021.??.??"]
[EventType "blitz"]

1. e4 e5 2. Nf3 d5 3. Nxe5 Qe7 4. d4 f6 5. Nc3 fxe5 6. Nxd5 Qf7 7. dxe5 c6 8.
Ne3 Be6 9. g3 Nd7 10. f4 g6 11. Qf3 Bc5 12. Bd3 O-O-O 13. O-O Nh6 14. Kh1 Bh3
15. Rf2 Rhf8 16. Bc4 Qe8 17. Qe2 Bxe3 18. Bxe3 Ng4 19. Bxa7 Nxf2+ 20. Bxf2 Nxe5
21. fxe5 Qxe5 22. Bb6 Rd7 23. c3 h5 24. Bd4 Rxd4 25. cxd4 Qxd4 26. Rd1 Qc5 27.
b3 Rf2 28. Qd3 Bg2+ 29. Kg1 Rd2+ {Normal} 0-1

[Event "Rated Blitz game"]
[Site "?"]
[Date "2021.10.25"]
[Round "?"]
[White "mostar61"]
[Black "GrandeGila"]
[Result "0-1"]
[WhiteElo "2345"]
[BlackElo "2538"]
[PlyCount "110"]
[EventDate "2021.??.??"]
[EventType "blitz"]

1. e4 e5 2. Nf3 d5 3. Nc3 dxe4 4. Nxe4 f5 5. Ng3 e4 6. Ng1 Nf6 7. d3 Nc6 8. c3
Bd6 9. dxe4 fxe4 10. Bb5 O-O 11. N1e2 Kh8 12. Bxc6 bxc6 13. O-O Ba6 14. Re1 Rb8
15. Nd4 Qd7 16. Be3 c5 17. Ndf5 Qc6 18. Nxd6 cxd6 19. b3 d5 20. Rc1 Rbd8 21. h3
Bd3 22. Nh5 Qe6 23. Nf4 Qd6 24. Nxd3 exd3 25. Qxd3 Rd7 26. Rcd1 Rfd8 27. Bg5 d4
28. Bxf6 Qxf6 29. c4 h6 30. Re2 Re7 31. Rde1 Rde8 32. Rxe7 Rxe7 33. Rxe7 Qxe7
34. Qf5 Kg8 35. Qc8+ Kh7 36. Qf5+ g6 37. Qd3 Kg7 38. a3 a5 39. g3 h5 40. h4
Qe1+ 41. Kg2 Qc3 42. Qe4 d3 43. Qe7+ Kh6 44. Qg5+ Kh7 45. Qe7+ Qg7 46. Qd6 Qb7+
47. Kh2 Qf3 48. Qe7+ Kg8 49. Qd8+ Kf7 50. Qd7+ Kf6 51. Qd6+ Kg7 52. Qe7+ Qf7
53. Qe5+ Kh7 54. Qd5 Qxd5 55. cxd5 d2 {Time forfeit} 0-1

[Event "Rated Blitz game"]
[Site "?"]
[Date "2021.10.25"]
[Round "?"]
[White "maratgil"]
[Black "Schachelite"]
[Result "1-0"]
[WhiteElo "2495"]
[BlackElo "2466"]
[PlyCount "93"]
[EventDate "2021.??.??"]
[EventType "blitz"]

1. e4 e5 2. Nf3 d5 3. Nxe5 Bd6 4. d4 dxe4 5. Nc4 Nf6 6. Nxd6+ Qxd6 7. c4 Nc6 8.
Be3 O-O 9. Nc3 Rd8 10. Nb5 Qb4+ 11. Qd2 Qxd2+ 12. Kxd2 Nxd4 13. Nxd4 c5 14. Kc3
cxd4+ 15. Bxd4 Be6 16. Be2 Rac8 17. Bxf6 gxf6 18. a4 a5 19. Rhd1 Kf8 20. Rxd8+
Rxd8 21. Rd1 Rxd1 22. Bxd1 b6 23. b3 Ke7 24. Kd4 f5 25. f3 exf3 26. Bxf3 Kd6
27. g3 h6 28. h4 f6 29. Bd5 Bd7 30. Bb7 Be8 31. Ba6 Bh5 32. Bc8 Bd1 33. Kc3 Ke5
34. Bd7 f4 35. gxf4+ Kxf4 36. b4 Bxa4 37. Bxa4 axb4+ 38. Kxb4 Kg4 39. Bd1+ Kxh4
40. Kb5 f5 41. Kxb6 f4 42. c5 Kg3 43. c6 f3 44. Bxf3 Kxf3 45. c7 h5 46. c8=Q h4
47. Qh3+ {Normal} 1-0

[Event "Rated Blitz game"]
[Site "?"]
[Date "2021.10.25"]
[Round "?"]
[White "killermania"]
[Black "Garnik95"]
[Result "0-1"]
[WhiteElo "2510"]
[BlackElo "2498"]
[PlyCount "78"]
[EventDate "2021.??.??"]
[EventType "blitz"]

1. e4 e5 2. Nf3 d5 3. Nxe5 Bd6 4. d4 dxe4 5. Bc4 Bxe5 6. dxe5 Qxd1+ 7. Kxd1 Nd7
8. f4 Nb6 9. Bb3 Nh6 10. h3 Nf5 11. Re1 Nh4 12. Rxe4 Nxg2 13. Nc3 Bxh3 14. Ke2
O-O-O 15. Be3 Bf5 16. Rd4 Rxd4 17. Bxd4 Nxf4+ 18. Kf3 Ne6 19. Be3 h5 20. a4 a6
21. a5 Nd7 22. Nd5 Nxe5+ 23. Kg2 Be4+ 24. Kf2 Ng4+ 25. Ke2 Bxd5 26. Bxd5 Nxe3
27. Kxe3 c6 28. Bxe6+ fxe6 29. Rg1 Rh7 30. Kf4 h4 31. Kg5 h3 32. Kg6 h2 33. Rh1
Rh3 34. Kxg7 Kd7 35. Kf6 Rf3+ 36. Ke5 Rf2 37. Rd1+ Ke7 38. b4 Rxc2 39. Kd4 Rd2+
{Normal} 0-1

[Event "Rated Blitz game"]
[Site "?"]
[Date "2021.10.25"]
[Round "?"]
[White "ARDosina"]
[Black "GoughPhar"]
[Result "0-1"]
[WhiteElo "2435"]
[BlackElo "2456"]
[PlyCount "36"]
[EventDate "2021.??.??"]
[EventType "blitz"]

1. e4 e5 2. Nf3 d5 3. Nxe5 Bd6 4. d4 dxe4 5. Nc4 Nf6 6. Nc3 Nc6 7. Be2 Bf5 8.
Be3 h5 9. h3 h4 10. Nxd6+ Qxd6 11. Qd2 a5 12. O-O-O a4 13. a3 Nd5 14. Nb5 Qd7
15. Bf4 Na5 16. Kb1 O-O 17. c4 Nb6 18. Nxc7 e3+ {Normal} 0-1

[Event "Rated Blitz game"]
[Site "?"]
[Date "2021.10.25"]
[Round "?"]
[White "Chessbase2023"]
[Black "Annali-annaliew1979"]
[Result "0-1"]
[WhiteElo "2418"]
[BlackElo "2398"]
[PlyCount "97"]
[EventDate "2021.??.??"]
[EventType "blitz"]

1. e4 e5 2. Nf3 d5 3. exd5 e4 4. Qe2 f5 5. d3 Nf6 6. dxe4 fxe4 7. Ng5 Be7 8.
Nc3 O-O 9. Be3 Nxd5 10. Ngxe4 Nxe3 11. Qxe3 Bf5 12. Bc4+ Kh8 13. O-O Nc6 14.
Rad1 Qc8 15. Ng3 Bd6 16. Bd3 Bxd3 17. Rxd3 Ne5 18. Rd5 Ng4 19. Qg5 h6 20. Qh5
Nf6 21. Qf5 Nxd5 22. Qxd5 Qd8 23. Qh5 Qg5 24. Qxg5 hxg5 25. Nge4 Be7 26. Nd5
Bd8 27. Rd1 c6 28. Ne3 Bf6 29. Rd7 Rad8 30. Rxb7 Rb8 31. Rxb8 Rxb8 32. b3 Re8
33. Nd6 Re6 34. Ndc4 Bd4 35. Kf1 c5 36. Ke2 Kh7 37. Kd3 Kg6 38. g4 Ra6 39. a4
Rf6 40. Ke2 Kf7 41. f3 Re6 42. Kd3 g6 43. Nd5 Re1 44. Nd6+ Ke6 45. Ne4 Kxd5 46.
Nxg5 a5 47. Ne4 Re3+ 48. Kd2 Rxf3 49. c4+ {Normal} 0-1